000 00465nam a2200181Ia 4500
003 LK-CoDNM
008 010623t2008 xxu||||| |||| 00| 1 sin d
040 _aLK-CoDNM
_dLK-CoDNM
_eLK-CoDNM
041 _asin
080 _a781
_bALG
100 _aAlgama, Layanal
245 _aඅසිරි මියුරු සර
246 _aAsiri muru sara
260 _bSarasavi prakashakayo
_aNugegoda
_c2008
300 _b131, 26 cm
650 _aMusic
942 _cBK
999 _c127518
_d127518